International Perspectives on Cyberbullying (Record no. 114)
[ view plain ]
| 000 -LEADER | |
|---|---|
| fixed length control field | 00453nam a22001337a 4500 |
| 005 - DATE AND TIME OF LATEST TRANSACTION | |
| control field | 20260114111016.0 |
| 008 - FIXED-LENGTH DATA ELEMENTS--GENERAL INFORMATION | |
| fixed length control field | 260114b |||||||| |||| 00| 0 eng d |
| 020 ## - INTERNATIONAL STANDARD BOOK NUMBER | |
| International Standard Book Number | 9789352697557 |
| 100 ## - MAIN ENTRY--PERSONAL NAME | |
| Personal name | Mohammad Azvar Khan |
| 245 ## - TITLE STATEMENT | |
| Title | International Perspectives on Cyberbullying |
| Remainder of title | /International Perspectives on Cyberbullying |
| Statement of responsibility, etc. | / Azvar Khan Mohammad |
| 260 ## - PUBLICATION, DISTRIBUTION, ETC. | |
| Place of publication, distribution, etc. | New Delhi |
| Name of publisher, distributor, etc. | Random Publications |
| Date of publication, distribution, etc. | 2021 |
| 300 ## - PHYSICAL DESCRIPTION | |
| Extent | viii, 282pgs |
| Dimensions | 23.5cm |
| Accompanying material | none |
| 942 ## - ADDED ENTRY ELEMENTS (KOHA) | |
| Source of classification or shelving scheme | Dewey Decimal Classification |
| Koha item type | Books |
| Suppress in OPAC | No |
No items available.
